Sports Quiz

Random Sports or NFL Quiz

NFL Passing TDs (2015) Quiz Stats

 Plays Quiz Updated Mar 28, 2016

Challenge
Share
Tweet
Embed
Score 0/62 Timer 07:00
5 Plays Today
TDs Player % Correct
36Tom Brady
99.4%
35Eli Manning
98.7%
9Peyton Manning
98.1%
35Cam Newton
97%
32Drew Brees
96.6%
34Russell Wilson
96.2%
31Aaron Rodgers
95.7%
32Matthew Stafford
93.9%
35Carson Palmer
93.9%
29Philip Rivers
93%
20Alex Smith
92.5%
21Matt Ryan
92.2%
2Geno Smith
91.8%
25Andy Dalton
91.5%
32Derek Carr
91%
21Jay Cutler
90.7%
15Andrew Luck
90%
29Kirk Cousins
89.4%
35Blake Bortles
88.7%
21Ben Roethlisberger
88.4%
31Ryan Fitzpatrick
88.3%
22Jameis Winston
87.2%
14Joe Flacco
87%
24Ryan Tannehill
86.5%
19Sam Bradford
82.6%
19Marcus Mariota
82.2%
5Tony Romo
81.7%
14Teddy Bridgewater
81.3%
20Tyrod Taylor
80.2%
6Colin Kaepernick
79.4%
10Brock Osweiler
74.6%
TDs Player % Correct
7Johnny Manziel
71.2%
7Nick Foles
68.7%
9Matt Hasselbeck
63%
19Brian Hoyer
62.7%
10Blaine Gabbert
60%
12Josh McCown
59.1%
4Mark Sanchez
57.2%
2Michael Vick
56.9%
5Brandon Weeden
50%
6AJ McCarron
49.7%
3EJ Manuel
48.6%
3Matt Schaub
45.4%
5Matt Cassel
44.5%
3Landry Jones
43.5%
5Ryan Mallett
40.9%
4Case Keenum
40.5%
4Zach Mettenberger
32.2%
1Colt McCoy
29.6%
4Kellen Moore
26.2%
3T.J. Yates
26.1%
1Austin Davis
21.4%
1Josh Freeman
20.6%
2Jimmy Clausen
14.8%
2Matt McGloin
14%
1Ryan Nassib
13.2%
1Dan Orlovsky
11.5%
1Kellen Clemens
8.2%
1Ryan Lindley
4.5%
1Cecil Shorts III
3.8%
1Antonio Andrews
3.4%
1Alex Tanney
2.3%

You're not logged in!

Compare scores with friends on all Sporcle quizzes.
OR
Log In

You Might Also Like...

Show Comments

Extras

Top Quizzes Today


Score Distribution

Your Account Isn't Verified!

In order to create a playlist on Sporcle, you need to verify the email address you used during registration. Go to your Sporcle Settings to finish the process.

Report this User

Report this user for behavior that violates our Community Guidelines.

Details: